000 00623nam a2200193 a 4500
001 3474
003 CO-ViMGA
008 141112s2004 ck r 000 u spa d
040 _aCO-ViMGA
_bspa
_cCO-ViMGA
082 0 4 _a028.55 V353
100 1 _aVenegas, María Clemencia
_953243
245 1 0 _aPromoción de la lectura en la biblioteca y en el aula /
_cVenegas María Clemencia , Muñoz Margarita , Bernal Luis Dario
260 _aBuenos Aires :
_bAique didactica,
_c1994
300 _a362 p
650 1 4 _aBernal, Luis Dario
_953244
650 1 4 _aLECTURA - HABITOS
650 1 4 _aMuñoz, Margarita
_953246
942 _2ddc
_cBK
999 _c15519
_d15519